| Tag |
First Indicator |
Second Indicator |
Subfields |
| LEADER |
00000cam a2200000 a 4500 |
| 001 |
in00000010695 |
| 005 |
20151007051428.0 |
| 008 |
870824s1987 enkab b 00010 eng d |
| 020 |
|
|
|a 0713454040
|
| 035 |
|
|
|a (OCoLC)16532150
|
| 035 |
|
|
|9 AAA2922AM
|
| 040 |
|
|
|a IUA
|c IUA
|d AZS
|d PIT
|d TXA
|d UtOrBLW
|
| 049 |
|
|
|a TXAC
|c [A12567764]
|
| 050 |
|
4 |
|a DA685.A1
|b D38 1987
|
| 100 |
1 |
|
|a Davies, Andrew,
|d 1955-
|
| 245 |
1 |
4 |
|a The map of London, from 1746 to the present day /
|c Andrew Davies.
|
| 255 |
|
|
|a Scale indeterminable.
|
| 264 |
|
1 |
|a London :
|b B.T. Batsford,
|c 1987.
|
| 300 |
|
|
|a 1 atlas (106 pages) :
|b illustrations, maps ;
|c 31 cm.
|
| 336 |
|
|
|a text
|b txt
|2 rdacontent
|
| 337 |
|
|
|a unmediated
|b n
|2 rdamedia
|
| 338 |
|
|
|a volume
|b nc
|2 rdacarrier
|
| 500 |
|
|
|a Reproduces a 1746 map of London by John Rocque on 24 sheets, each sheet having on a facing page a map of the same area as it is today, with commentary on intervening pages.
|
| 504 |
|
|
|a Includes bibliographies.
|
| 651 |
|
0 |
|a London (England)
|x Historical geography.
|
| 651 |
|
0 |
|a London (England)
|x Description and travel
|y To 1800.
|
| 651 |
|
0 |
|a London (England)
|v Maps.
|
| 600 |
1 |
0 |
|a Rocque, John,
|d -1762.
|
| 700 |
1 |
|
|a Rocque, John,
|d -1762.
|t Plan of the cities of London and Westminster, and borough of Southwark.
|f 1746.
|
| 999 |
|
|
|a MARS
|
| 999 |
f |
f |
|s 19333fc3-6c00-3d18-9b63-dd417cbe19a8
|i 8ac07167-5a32-36e0-b8a0-dfce6f3fe7b5
|t 0
|
| 952 |
f |
f |
|p normal
|a Texas A&M University
|b College Station
|c Sterling C. Evans Library
|s Evans Maps and GIS
|d Evans: Maps (2nd floor)
|t 0
|e DA685.A1 D38 1987
|h Library of Congress classification
|i unmediated -- volume
|m A14812567764
|
| 952 |
f |
f |
|p noncirc
|a Texas A&M University
|b College Station
|c Cushing Memorial Library & Archives
|s cush lond
|d Cushing: London (Does not check out)
|t 0
|e DA685.A1 D38 1987
|h Library of Congress classification
|i unmediated -- volume
|m A14852692780
|
| 998 |
f |
f |
|a DA685.A1 D38 1987
|t 0
|l Cushing: London (Does not check out)
|
| 998 |
f |
f |
|a DA685.A1 D38 1987
|t 0
|l Evans: Maps (2nd floor)
|